FIBRE SCIENCE AND TECHNOLOGY (Record no. 9749)

MARC details
000 -LEADER
fixed length control field 00427nam a2200145Ia 4500
022 ## - INTERNATIONAL STANDARD SERIAL NUMBER
ISSN 0015-0568
245 #0 - TITLE STATEMENT
Title FIBRE SCIENCE AND TECHNOLOGY
247 ## - FORMER TITLE
Title Composites Science And Technology
260 ## - PUBLICATION, DISTRIBUTION, ETC. (IMPRINT)
Name of publisher Elsevier Applied Science Publishers, England
Place of publication UK
310 ## - CURRENT PUBLICATION FREQUENCY
Current publication frequency 2vy
500 ## - GENERAL NOTE
General note Ending Volume & Year: 21, 1984
500 ## - GENERAL NOTE
General note Starting Volume & Year: 18, 1983
942 ## - ADDED ENTRY ELEMENTS (KOHA)
Koha item type Bound Journal
Holdings
Withdrawn status Lost status Damaged status Not for loan Home library Current library Date acquired Accession Number Koha item type
      Bound journals RRII Library RRII Library 31/12/2021 09695J Bound Journal